Estadísticas para Estados de EE. UU. Más Católicos

Haz click aquí para intentar la prueba.

Estadísticas generales

  • Esta prueba ha sido intentada 73 veces
  • La puntuación promedio es 5 de 11

Estadísticas de respuestas

%Estado% Correcto
28California
92%
31Nueva York
83%
34Nuevo México
70%
34Nueva Jersey
49%
26Luisiana
48%
34Massachusetts
44%
42Rhode Island
37%
33Connecticut
35%
28Illinois
32%
26Nuevo Hampshire
19%
26Dakota del Norte
16%

Distribución de puntuación

Porcentaje por número respondido

Porcentaje de gente con cada puntuación

Historial de tus puntuaciones

No has intentado esta prueba.